| 000 | 00612nam a2200205 i 4500 | ||
|---|---|---|---|
| 001 | bgj | ||
| 100 | 1 | _aAICHINGER, Ilse | |
| 245 | 1 | 0 |
_aUnglaubwürdige Reisen / _cIlse Aichinger ; Herausgegeben von Simone Fässler und Franz Hammerbacher. |
| 260 |
_aFrankfurt am Main : _bS. Fischer Verlag, _c2005. |
||
| 300 |
_a186, [1] S. : _bIll. ; _c20 cm. |
||
| 650 | 9 | _aBelletristik | |
| 700 | 1 |
_aFÄSSLER, Simone. _eHrsg. |
|
| 700 | 1 |
_aHAMMERBACHER, Franz. _eHrsg. |
|
| 020 | _a3100005279 | ||
| 040 | _cBPK | ||
| 041 | 0 | _ager | |
| 920 | _a3-10-000527-9 | ||
| 942 | _cKS | ||
| 008 | s gw f |000 0 ger | ||
| 999 |
_c49556 _d49556 |
||
| 856 |
_uhttp://koha.tu.koszalin.pl/cgi-bin/koha/opac-detail.pl?biblionumber=49556 _yKatalog online BPK |
||